| 000 | 01117cam a22002655a 4500 | ||
|---|---|---|---|
| 001 | 17226056 | ||
| 005 | 20151021121143.0 | ||
| 008 | 120326s2013 nyu frb 001 0 eng d | ||
| 020 | _a9780415491273 (pbk.) | ||
| 040 |
_aDLC _beng _cDLC _dDLC _dEG-ScBUE |
||
| 043 | _aaw----- | ||
| 082 | 0 | 4 |
_a338.956 _bWIL _222 |
| 100 | 1 |
_aWilson, Rodney. _938534 |
|
| 245 | 1 | 0 |
_aEconomic development in the Middle East / _cRodney Wilson. |
| 250 | _a2nd ed. | ||
| 260 |
_aNew York : _bRoutledge, _c2013. |
||
| 300 |
_aix, 205 p. ; _c24 cm. |
||
| 500 | _aIndex : p. 196-205. | ||
| 504 | _aBibliography : p. 172-195. | ||
| 505 | 0 | _aModelling Middle East economic development -- Growth and structural change -- Population growth and employment -- Capital markets, savings and investment -- An Islamic model for economic development -- Oil and development -- International and intra-regional trade -- The role of the state. | |
| 650 | 0 |
_aEconomic development _xReligious aspects _xIslam. _2BUEsh |
|
| 651 | 0 |
_aMiddle East _xEconomic conditions _y1979- _2BUEsh |
|
| 653 |
_bBUSBOL _cJune2015 _cOctober2015 |
||
| 942 |
_2ddc _k338.956 WIL |
||
| 999 |
_c19751 _d19723 |
||